<?xml version="1.0" encoding="UTF-8"?>
<record
    xmlns:xsi="http://www.w3.org/2001/XMLSchema-instance"
    xsi:schemaLocation="http://www.loc.gov/MARC21/slim http://www.loc.gov/standards/marcxml/schema/MARC21slim.xsd"
    xmlns="http://www.loc.gov/MARC21/slim">

  <leader>00401nam a2200157Ia 4500</leader>
  <controlfield tag="008">220530s9999    xx            000 0 und d</controlfield>
  <datafield tag="020" ind1=" " ind2=" ">
    <subfield code="a">9780091906351</subfield>
  </datafield>
  <datafield tag="041" ind1=" " ind2=" ">
    <subfield code="a">eng</subfield>
  </datafield>
  <datafield tag="082" ind1=" " ind2=" ">
    <subfield code="a">823</subfield>
    <subfield code="b">CAR</subfield>
  </datafield>
  <datafield tag="100" ind1=" " ind2=" ">
    <subfield code="a">Carnegie, Dale</subfield>
    <subfield code="9">57553</subfield>
  </datafield>
  <datafield tag="245" ind1=" " ind2=" ">
    <subfield code="a">How to Win Friends and Influence People</subfield>
  </datafield>
  <datafield tag="250" ind1=" " ind2=" ">
    <subfield code="a">1st Ed.</subfield>
  </datafield>
  <datafield tag="260" ind1=" " ind2=" ">
    <subfield code="a">London</subfield>
    <subfield code="b">Vermilion</subfield>
    <subfield code="c">2012</subfield>
  </datafield>
  <datafield tag="300" ind1=" " ind2=" ">
    <subfield code="a">XXVIII; 275P.</subfield>
    <subfield code="b">PB</subfield>
  </datafield>
  <datafield tag="906" ind1=" " ind2=" ">
    <subfield code="a">49.75</subfield>
    <subfield code="b">GB</subfield>
  </datafield>
  <datafield tag="999" ind1=" " ind2=" ">
    <subfield code="c">51934</subfield>
    <subfield code="d">51934</subfield>
  </datafield>
  <datafield tag="952" ind1=" " ind2=" ">
    <subfield code="0">0</subfield>
    <subfield code="1">0</subfield>
    <subfield code="4">0</subfield>
    <subfield code="7">0</subfield>
    <subfield code="8">Non Technical </subfield>
    <subfield code="a">CEWN</subfield>
    <subfield code="b">CEWN</subfield>
    <subfield code="d">2014-03-14</subfield>
    <subfield code="e">Allied Publisher Pvt. Ltd.</subfield>
    <subfield code="g">199.00</subfield>
    <subfield code="l">3</subfield>
    <subfield code="m">1</subfield>
    <subfield code="o">823/CAR/ </subfield>
    <subfield code="p">CEWN-BK-5643</subfield>
    <subfield code="r">2025-11-12 14:31:41</subfield>
    <subfield code="s">2025-11-03</subfield>
    <subfield code="v">149.25</subfield>
    <subfield code="w">2022-05-30</subfield>
    <subfield code="y">BK</subfield>
    <subfield code="z">005643</subfield>
  </datafield>
</record>
